History Quiz

Random History or Year Quiz

US Election Years by Loser Quiz Stats

 Plays Quiz Updated Nov 9, 2016

Challenge
Share
Tweet
Embed
Score 0/53 Timer 12:00
2 Plays Today
Presidential Loser(s) Election Year % Correct
Hillary Clinton2016
89.2%
Mitt Romney2012
88.7%
Al Gore2000
88.7%
John McCain2008
87.6%
John Kerry2004
85%
George H.W. Bush and Ross Perot1992
84.9%
Richard Nixon1960
83.6%
Jimmy Carter1980
83.5%
Gerald Ford1976
81.7%
Bob Dole and Ross Perot1996
80.7%
Michael Dukakis1988
79.5%
Walter Mondale1984
76.9%
Barry Goldwater1964
74.5%
Herbert Hoover1932
72.5%
John Adams1800
69.4%
Thomas Jefferson1796
69.4%
Theodore Roosevelt, William Howard Taft, and Eugene V. Debs1912
69%
George McGovern1972
67.7%
Hubert Humphrey and George Wallace1968
67.6%
Thomas E. Dewey and Strom Thurmond1948
66.5%
Thomas E. Dewey1944
65.5%
Adlai Stevenson1952, 1956
65.1%
None (candidate ran unopposed)1788–1789, 1792, 1820
63.1%
John Quincy Adams1828
61.1%
Grover Cleveland1888
57.4%
Andrew Jackson, William Crawford, and Henry Clay1824
56.5%
William Jennings Bryan1896, 1900, 1908
55.4%
Presidential Loser(s) Election Year % Correct
John C. Breckinridge, John Bell, and Stephen Douglas1860
55.1%
Martin Van Buren1840
53%
William Henry Harrison, Hugh White, Daniel Webster, and Willie P. Mangum1836
48.5%
John C. Frémont and Millard Fillmore1856
47.9%
George B. McClellan1864
47.6%
Martin Van Buren and Lewis Cass1848
47.3%
Wendell Willkie1940
47.3%
Benjamin Harrison and James B. Weaver1892
46.7%
Alf Landon1936
45.4%
Henry Clay and William Wirt1832
41.3%
Alfred Smith1928
41.2%
Henry Clay and James Birney1844
40.3%
Samuel Tilden1876
38.6%
Winfield Scott1852
33.1%
John W. Davis and Robert M. La Follette1924
33.1%
Horace Greeley1872
33.1%
DeWitt Clinton1812
31.4%
Charles Pinckney1808
30.9%
Charles Pinckney1804
30.5%
Charles Evans Hughes1916
30.2%
James G. Blaine1884
29.1%
James M. Cox1920
28.7%
Winfield Scott Hancock1880
28.3%
Rufus King1816
26.2%
Alton Parker1904
24.5%
Horatio Seymour1868
24.4%

You're not logged in!

Compare scores with friends on all Sporcle quizzes.
OR
Log In

You Might Also Like...

Show Comments

Extras

Top Quizzes Today


Score Distribution

Your Account Isn't Verified!

In order to create a playlist on Sporcle, you need to verify the email address you used during registration. Go to your Sporcle Settings to finish the process.

Report this User

Report this user for behavior that violates our Community Guidelines.

Details: